| LEADER |
01579nam0a2200205 450 |
| 001 |
16842357 |
| 010 |
|
|
|a 978-2-226-47543-5
|b Br.
|d 21,9
|
| 100 |
|
|
|a 20230602d2023 u u0frey01 ba
|
| 101 |
1 |
|
|a fre
|c
|
| 200 |
0 |
|
|a Enfants du guet (Les)
|f Mary Higgins Clark, Alafair Burke
|g trad. Anne Damour, trad. Amélie Juste-Thomas
|
| 207 |
|
1 |
|a
|
| 210 |
|
|
|a Paris
|b 22 Rue Huyghens.
|c Albin Michel
|d 2023
|
| 330 |
|
|
|a Le plus bel héritage de la reine du suspense : la suite de son roman culte, La Maison du guet. Melissa, avocate et podcasteuse à succès, vient d'épouser l'homme qu'elle aime. Il est veuf et père d'une petite Riley. Quelques mois plus tard, alors que Melissa et son frère Mike aident leur mère à s'installer dans les Hamptons, Riley disparaît. Tous deux se lancent à corps perdu dans une course contre la montre pour retrouver la fillette et la sauver du traumatisme qu'ils n'ont jamais surmonté : leur enlèvement, quarante ans plus tôt... Des secrets enfouis, une fillette en péril, la menace d'un prédateur qui plane... On retrouve Melissa et Mike, les enfants de Nancy, confrontés à leur passé, dans un roman obsédant qui fait magnifiquement écho à La Maison du guet, titre phare de la romancière qui a révolutionné le thriller.
|
| 700 |
|
0 |
|a Clark
|b Mary Higgins
|f 1929-....
|4 70
|
| 701 |
|
0 |
|a Burke
|b Alafair
|4 70
|
| 702 |
|
0 |
|a Damour
|b Anne
|4 730
|
| 702 |
|
0 |
|a Juste-Thomas
|b Amélie
|4 730
|
| 900 |
|
|
|a Roman Policier
|
| 901 |
|
|
|a Accessible au prêt
|
| 995 |
|
|
|a Bibliothèque
|c Bibliothèque
|f 024023496
|h 024023496
|k RP CLA
|o p
|q a
|r az
|e Bibliothèque
|